| 000 | 00666nam a2200217 i 4500 | ||
|---|---|---|---|
| 001 | 123619 | ||
| 003 | ES-MaACL | ||
| 005 | 20251014063200.0 | ||
| 007 | t| | ||
| 008 | 070214s1971 sp r ||||1| spa d | ||
| 100 | 1 |
_aQuintana Cabanas, José María, _d1930-2013 _994681 |
|
| 245 | 1 | 4 |
_aLas relaciones entre padres e hijos / _cJosé María Quintana. |
| 250 | _a1ª. ed. | ||
| 260 |
_aBarcelona : _bNova Terra, _c1971. |
||
| 300 |
_a28 p. : _bil. ; _c20 cm. |
||
| 490 | 1 |
_aCuadernos genus ; _v10 |
|
| 650 | 0 | 4 |
_aPadres e hijos. _915785 |
| 830 | 0 |
_aCuadernos genus ; _v10 _9186603 |
|
| 852 |
_aES-MaACL _j2076-F-16 _bR.77185 |
||
| 999 |
_c123619 _d123619 |
||